300 biggest cities in the world - Statistics

General Stats
  • This quiz has been taken 1,701 times
    1,661 since last reset
  • The average score is 174 of 300
Answer Stats
Population City % Correct
41.17 million Tokyo
96%
19.03 million Beijing
94%
22.51 million New York City
94%
30.51 million Delhi
92%
14.92 million London
92%
12.00 million Paris
92%
33.95 million Shanghai
92%
17.81 million Los Angeles
91%
6.43 million Madrid
91%
23.18 million Mexico City
91%
17.29 million Moscow
91%
4.37 million Berlin
90%
21.80 million Cairo
90%
26.00 million Mumbai
89%
25.92 million Seoul
89%
4.42 million Barcelona
88%
9.90 million Chicago
88%
15.67 million Istanbul
88%
31.62 million Jakarta
88%
3.55 million Rome
88%
12.95 million Rio De Janeiro
87%
5.75 million Saint Petersburg
87%
23.06 million São Paulo
87%
5.22 million Sydney
87%
3.45 million Athens
86%
15.92 million Buenos Aires
86%
46.96 million Guangzhou
86%
9.92 million Lima
86%
6.16 million Miami
86%
17.47 million Osaka
86%
18.42 million Bangkok
85%
9.90 million Bogota
85%
6.50 million Houston
85%
13.00 million Johannesburg
85%
26.53 million Manila
85%
6.14 million Milan
85%
7.92 million San Francisco
85%
15.47 million Tehran
85%
7.00 million Dallas
84%
7.06 million Santiago
84%
2.30 million Warsaw
84%
8.21 million Washington D.C.
84%
5.10 million Ankara
83%
7.84 million Boston
83%
4.20 million Cape Town
83%
18.92 million Lagos
83%
3.00 million Manchester
83%
2.80 million Sana’a
83%
4.29 million Seattle
83%
7.59 million Toronto
83%
2.45 million Amsterdam
82%
6.93 million Baghdad
82%
21.02 million Dhaka
82%
3.86 million Hanoi
82%
7.72 million Hong Kong
82%
3.50 million Kiev
82%
2.39 million Lisbon
82%
3.10 million Birmingham
81%
2.21 million Munich
81%
7.23 million Philadelphia
81%
2.55 million Budapest
80%
5.42 million Dubai
80%
12.90 million Kinshasa
80%
17.02 million Kolkata
80%
8.29 million Kuala Lumpur
80%
5.00 million Melbourne
80%
6.00 million Nairobi
80%
4.36 million Phoenix
80%
2.85 million Vancouver
80%
3.68 million Caracas
79%
8.26 million Ho Chi Minh City
79%
4.19 million Montreal
79%
8.00 million Riyadh
79%
3.40 million San Diego
79%
7.96 million Singapore
79%
2.12 million Stockholm
79%
3.95 million Algiers
78%
5.90 million Atlanta
78%
4.04 million Brasília
78%
2.87 million Hamburg
78%
17.93 million Karachi
78%
4.14 million Naples
78%
2.20 million Vienna
78%
9.71 million Wuhan
78%
3.90 million Addis Ababa
77%
5.90 million Alexandria
77%
2.58 million Brussels
77%
2.12 million Bucharest
77%
4.30 million Casablanca
77%
3.60 million Denver
76%
5.82 million Detroit
76%
3.27 million Frankfurt
75%
2.30 million San Jose
75%
9.80 million Taipei
75%
4.28 million Kabul
74%
2.55 million Tunis
74%
1.90 million Austin
73%
12.05 million Bangalore
73%
3.90 million Damascus
73%
8.09 million Luanda
73%
2.95 million Pyongyang
73%
2.60 million Quito
73%
5.07 million Cologne / Düsseldorf
72%
3.60 million Dakar
72%
6.29 million Khartoum
72%
12.81 million Lahore
72%
2.01 million Rabat
72%
6.59 million Xi’an
72%
3.55 million Abuja
71%
2.20 million Havana
71%
10.52 million | 2.25 million Hyderabad
71%
2.05 million Perth
71%
2.38 million Portland
71%
11.25 million Chennai
70%
5.40 million Guadalajara
70%
2.25 million Las Vegas
70%
2.14 million San Antonio
70%
2.55 million Tel-Aviv-Jaffa
70%
3.10 million Brisbane
69%
6.30 million Dar Es Salaam
69%
3.07 million Guatemala City
69%
3.15 million Minneapolis
69%
11.83 million Nagoya
69%
3.46 million Orlando
69%
4.28 million Tampa
69%
5.20 million Accra
68%
5.50 million Amman
68%
5.10 million Belo Horizonte
67%
1.80 million Liverpool
67%
4.04 million Medellin
67%
1.90 million Mogadishu
67%
12.36 million Tianjin
67%
4.12 million Busan
66%
3.02 million Kathmandu
66%
1.94 million Lyon
66%
2.00 million Minsk
66%
3.27 million Rotterdam
66%
8.16 million Ahmedabad
65%
8.14 million Chongqing
65%
5.04 million Monterrey
65%
4.91 million Jeddah
64%
2.10 million La Paz
64%
1.80 million Montevideo
64%
3.97 million Santo Domingo
64%
2.00 million Valencia
64%
2.50 million Baku
63%
9.81 million Chengdu
63%
4.40 million Kuwait City
63%
2.56 million Lusaka
63%
3.20 million Port-au-Prince
63%
3.00 million Cleveland
62%
4.40 million Colombo
62%
3.45 million Durban
62%
2.00 million Indianapolis
62%
3.00 million Izmir
61%
2.30 million Asunción
60%
3.50 million Kampala
60%
2.47 million Sapporo
60%
3.18 million Tashkent
60%
9.90 million Xiamen
60%
5.52 million Abidjan
59%
2.23 million Brazzaville
59%
2.08 million Mecca
59%
2.00 million Phnom Penh
59%
6.52 million Pune
59%
5.50 million Yangon
59%
2.90 million Cali
58%
2.45 million Charlotte
58%
2.00 million Harare
58%
3.90 million Jaipur
58%
2.10 million Leeds
58%
2.25 million Maputo
58%
6.45 million Nanjing
58%
3.46 million Yaounde
58%
3.50 million Bamako
57%
5.15 million Harbin
57%
3.90 million Recife
57%
2.00 million Sacramento
57%
2.30 million Saint Louis
57%
3.60 million Salvador
57%
2.73 million Cincinnati
56%
3.60 million Fortaleza
56%
4.37 million Kano
56%
6.10 million Surabaya
56%
4.55 million Chittagong
55%
2.01 million Kansas City
55%
4.10 million Porto Alegre
55%
2.30 million Stuttgart
55%
4.10 million Urumqi
55%
2.10 million Manaus
54%
1.85 million Hiroshima
53%
6.91 million Bandung
52%
2.67 million Fukuoka
52%
3.60 million Lucknow
52%
2.00 million Pittsburgh
52%
1.90 million Aleppo
51%
2.10 million Almaty
50%
2.34 million Salt Lake City
50%
6.10 million Qingdao
49%
8.00 million Shenyang
49%
6.45 million Surat
49%
1.90 million Tijuana
49%
2.26 million Agra
47%
2.50 million Conakry
47%
3.45 million Curitiba
47%
4.30 million Dalian
47%
3.10 million Puebla
47%
4. 05 million Fuzhou
46%
4.00 million Medan
46%
4.57 million Changsha
45%
3.45 million Douala
45%
3.57 million Ibadan
45%
3.18 million Mashhad
45%
5.10 million Zhengzhou
45%
2.20 million Belem
44%
2.60 million Cebu
44%
4.95 million Hefei
44%
2.08 million Lomé
44%
3.49 million Nanning
44%
2.51 million Ouagadougou
44%
1.87 million San Salvador
44%
4.20 million Kunming
43%
3.60 million Faisalabad
42%
3.29 million Nagpur
41%
1.90 million San Juan
41%
2.08 million Barranquilla
40%
2.69 million Daegu
40%
7.81 million Shantou
40%
5.26 million Wenzhou
40%
4.30 million Jinan
39%
3.50 million Kanpur
39%
3.18 million Indore
38%
2.50 million Maracaibo
38%
3.45 million Rawalpindi
37%
3.30 million Ningbo
36%
2.55 million Patna
36%
2.30 million Port Harcourt
36%
2.10 million Santa Cruz
35%
2.05 million Bursa
34%
3.60 million Changchun
33%
3.00 million Kumasi
33%
2.90 million Lanzhou
33%
1.91 million Leon
33%
2.10 million George Town
32%
2.70 million Kaohsiung
32%
2.12 million Lubumbashi
31%
4.10 million Taiyuan
31%
2.30 million Bhopal
30%
2.50 million Dammam
30%
4.30 million Shijiazhuang
30%
2.60 million Coimbatore
29%
5.80 million The Ruhr
29%
3.50 million Zibo
29%
2.30 million Goiania
27%
2.30 million Peshawar
27%
3.38 million Guiyang
26%
1.90 million Gaza
25%
1.90 million Varanasi
24%
2.90 million Bhilai
23%
2.70 million Gujranwala
23%
2.30 million Toluca
23%
2.10 million Multan
22%
2.30 million Taichung
22%
2.55 million Anshan
21%
1.90 million Makassar
21%
2.80 million Huizhou
19%
2.85 million Tangshan
19%
2.12 million Vadodara
19%
2.05 million Mbuji-Mayi
18%
2.20 million Semarang
18%
1.80 million Haikou
17%
2.00 million Linyi
17%
2.12 million Okayama
17%
1.90 million Yogyakarta
17%
2.50 million Luoyang
16%
1.85 million Rajkot
16%
2.30 million Taizhou
16%
2.20 million Baotou
15%
1.80 million Hohhot
15%
1.84 million Kaduna
15%
1.96 million Weifang
15%
2.31 million Chandigarh
14%
1.95 million Ludhiana
14%
2.00 million Nantong
14%
2.10 million Yantai
14%
2.00 million Kitakyushu
12%
2.00 million Liuzhou
11%
2.08 million Baoding
10%
2.04 million Cixi
10%
1.90 million Yangzhou
10%
1.95 million Huai’an
9%
3.90 million Nanchong
9%
2.43 million Jiangyin
8%
2.10 million Xinxiang
8%
2.00 million Vijayawada
7%
1.90 million Bhubaneswar
6%
2.05 million Nasik
4%
1.80 million Xiangyang
4%
2.83 million Xuhou
3%
No matching quizzes found
Score Distribution
Percent of People with Each Score
Percentile by Number Answered
Your Score History
You have not taken this quiz since the last reset